| 000 | 01047cam a22003137a 4500 | ||
|---|---|---|---|
| 003 | CHAP | ||
| 005 | 20220817043155.0 | ||
| 008 | 971013s1987 r 00010 d | ||
| 010 | _a67522 | ||
| 011 | _a68494 | ||
| 035 | _a77966 | ||
| 040 | _cCHAP | ||
| 090 | _aFolleto 11774 | ||
| 100 | 0 | 0 |
_aFrank, Rodolfo Guillermo. _943018 |
| 245 | 0 |
_aCostos de procesamiento y almacenaje de granos _b: metodología de los cálculos |
|
| 260 |
_aBuenos Aires : _bUniversidad de Buenos Aires. Fac. de Agronomía, _c1987 |
||
| 300 | _a24 p. | ||
| 490 | 0 |
_aCatedra de Administración rural _v; 22 |
|
| 590 |
_aBATCH-UPD _b10 _c20130110 _lUCH01 _h1138 |
||
| 590 |
_aBATCH-UPD _b10 _c20130410 _lUCH01 _h0725 |
||
| 590 |
_aBATCH-UPD _b10 _c20130914 _lUCH01 _h0914 |
||
| 590 |
_aCONVERSION _b10 _c20130109 _lUCH01 _h1337 |
||
| 650 | 1 | 4 |
_aCereales _xAlmacenamiento. _921373 |
| 650 | 1 | 4 |
_aCereales _xProcesado. _921454 |
| 830 | 0 |
_aCatedra de Administración rural _v; 22 |
|
| 901 | _aBK | ||
| 942 | _cFOLL | ||
| 949 |
_aFolleto 11774 _bBC _cFOLL _d-30839 _eTS1 _i77966 _mD _si |
||
| 999 |
_c67522 _d67522 |
||